000 00658nam a2200241 i 4500
001 C2-0104972
003 PPAK
005 20180727101317.0
008 970610s1994 my |||| ||||| | may d
020 _a9679400484
040 _aPPAK
_beng
_cPPAK
_erda
082 0 4 _a297.81
_223
090 0 0 _a297.81
_bALQ
_dG
100 1 _aAl - Qaradhawi, yusuf,
_eauthor
245 1 0 _aBagaimana berinteraksi dengan Al - Sunnah
264 1 _aPetaling Jaya, Selangor :
_bABIM ,
_c1994
300 _axxvii, 236 pages ;
_c22 cm
336 _2rdacontent
_atext
337 _2rdamedia
_aunmediated
338 _2rdacarrier
_avolume
650 1 0 _aSunnites
942 _ddc
_cB
999 _c25239
_d25239